000 00634nam a2200205Ia 4500
003 GCL
008 140319s9999 xx 000 0 ara d
040 _aGCL /
_cGCL
082 0 4 _a215.3
_bم م
100 1 _aمحمد احمد محمود حسن
245 1 0 _aالمسجد الاقصى فى الكتب المقدسة والى اليوم /
_cمحمد احمد محمود حسن
260 _a[S.N] :
_bمكتبة النهضة ،
_c1908
300 _a191 ص
490 _a
650 0 4 _aالاسلام
650 0 4 _aالديانات
650 0 4 _aدور العبادة
650 0 4 _aالمسجد الاقصى
942 _2ddc
_cBK
999 _c29535
_d29535